Spaceballs: I Am Your... Quiz Stats

 Plays Quiz Updated Jan 10, 2015

Challenge
Share
Tweet
Embed
Score 0/5 Timer 00:30
1 Play Today
I am your… % Correct
father's
94%
brother's
83.4%
cousin's
72.7%
nephew's
40.4%
former roommate.
32.1%

You're not logged in!

Compare scores with friends on all Sporcle quizzes.
Join for Free
OR
Log In

You Might Also Like...

Show Comments

Extras

Top Quizzes Today


Score Distribution

Your Account Isn't Verified!

In order to create a playlist on Sporcle, you need to verify the email address you used during registration. Go to your Sporcle Settings to finish the process.

Report this User

Report this user for behavior that violates our Community Guidelines.

Details: